Efektívnosť a optimalizácia procesu decentralizácie verejných financií v podmienkach SR

Fiškálna decentralizácia ako organická súčasť reformy riadenia verejných financií a reformy verejnej správy v podmienkach SR. Realizácia fiškálnej decentralizácie od roku 2005. Predpoklad vývoja pre roky 2011 a 2012.

Salvato in:
Dettagli Bibliografici
Autore principale: Kozovský, Dušan
Natura: Capitolo di libro
Lingua:slovacco
Soggetti:
Tags: Aggiungi Tag
Nessun Tag, puoi essere il primo ad aggiungerne!!

MARC

LEADER 00000naa$a2200000$$$4500
001 0116506
005 20240502072311.2
041 0 |a slo 
044 |a SK 
245 1 0 |a Efektívnosť a optimalizácia procesu decentralizácie verejných financií v podmienkach SR  |c Dušan Kozovský 
520 |a Fiškálna decentralizácia ako organická súčasť reformy riadenia verejných financií a reformy verejnej správy v podmienkach SR. Realizácia fiškálnej decentralizácie od roku 2005. Predpoklad vývoja pre roky 2011 a 2012. 
610 2 0 |a decentralizácia 
610 2 0 |a správa verejná 
610 2 0 |a efektívnosť ekonomická 
610 2 0 |a financie verejné 
610 2 0 |a Slovensko 
610 2 0 |a reformy štruktúrne 
100 1 |a Kozovský, Dušan